| 000 | 00392nam a2200109Ia 4500 | ||
|---|---|---|---|
| 008 | 160909s9999 xx 000 0 und d | ||
| 100 | _aPerjanik, Nicholas Steven | ||
| 245 | _aTacit Knowledge Capture and the Brain-Drain at Electrical Utilities | ||
| 260 |
_bWalden University. _c2016 |
||
| 650 | _aHUMAN RESOURCE MANAGEMENT | ||
| 856 | _uhttp://pqdtopen.proquest.com/doc/1795527903.html?FMT=ABS | ||
| 999 |
_c304650 _d304650 |
||